000 00985nam0a22002651 4500
001 rc\928668
005 20041129095341.9
035 _a(NLR Aleph) 006102144
090 _a5270222
_c5270222
100 _a20041129d1982 u |0rusy50 ca
101 0 _arus
102 _aRU
105 _aa |||||||||
200 1 _aОтечественные микропроцессоры и их применение
_eУчеб пособие
_fБ.П. Силуянов, Ю.В. Закорюкин, Ю.К. Кузьмичев
210 _aИваново
_cИван. гос. ун-т
_d1982
215 _a78 с.
_cил.
_d20
320 _aБиблиогр.: с. 77
700 1 _aСилуянов
_bБ. П.
_gБорис Петрович
701 1 _aЗакорюкин
_bЮ. В.
_gЮрий Васильевич
701 1 _aКузьмичев
_bЮ. К.
_gЮрий Константинович
801 0 _aRU
_bNLR
_gpsbo
801 1 _aRU
_bELAR
_2rusmarc
852 _aNLR
_j83-4/19069
942 _cBOOK
980 _aNB